[Event "Mittelfranken-chTB2b 1314"]
[Site "Mittelfranken"]
[Date "2014.03.09"]
[Round "7.4"]
[White "Suess, Helmut"]
[Black "Semerow, Anatoli"]
[Result "1/2-1/2"]
[WhiteElo "1798"]
[BlackElo "1916"]
[PlyCount "53"]
[EventDate "2013.10.20"]
[EventType "team-tourn"]
[EventRounds "9"]
[EventCountry "GER"]
[SourceTitle "EXT 2020"]
[Source "ChessBase"]
[SourceDate "2019.10.17"]
[SourceVersion "1"]
[SourceVersionDate "2019.10.17"]
[SourceQuality "1"]
[WhiteTeam "Nuernberg NT IV"]
[BlackTeam "Siemens Erlangen"]
[WhiteTeamCountry "GER"]
[BlackTeamCountry "GER"]

1. d4 d5 2. c4 e6 3. Nc3 Nf6 4. Bg5 Be7 5. e3 0-0 6. Nf3 b6 7. cxd5 exd5 8. Bd3 Bg4 9. Qc2 h6 10. Bh4 Nbd7 11. Bxf6 Nxf6 12. Ne5 c5 13. 0-0 cxd4 14. exd4 Bd6 15. h3 Bd7 16. Rfe1 Bb4 17. Rac1 Rc8 18. Qb3 Bxc3 19. Rxc3 Rxc3 20. Qxc3 Re8 21. Rc1 Qb8 22. Qc7 Be6 23. Qxb8 Rxb8 24. Rc7 a5 25. a4 Kf8 26. Kf1 Ne8 27. Rc3 1/2-1/2

[Event "Mittelfranken-chTB2b 1213"]
[Site "Germany"]
[Date "2013.03.10"]
[Round "9.4"]
[White "Semerow, Anatoli"]
[Black "Sikorsky, Reinhard"]
[Result "1-0"]
[WhiteElo "1871"]
[BlackElo "1663"]
[PlyCount "111"]
[EventDate "2012.10.07"]
[EventType "team-tourn"]
[EventRounds "9"]
[EventCountry "GER"]
[SourceTitle "EXT 2019"]
[Source "ChessBase"]
[SourceDate "2018.10.10"]
[SourceVersion "1"]
[SourceVersionDate "2018.10.10"]
[SourceQuality "1"]
[WhiteTeam "Erlangen Siemens"]
[BlackTeam "Gunzenhausen/Weissenburg II"]
[WhiteTeamCountry "GER"]
[BlackTeamCountry "GER"]

1. e4 c5 2. Nf3 d6 3. d4 cxd4 4. Nxd4 Nf6 5. Nc3 g6 6. Be2 Bg7 7. 0-0 0-0 8. Be3 Nc6 9. Qd2 Bd7 10. Rad1 Ng4 11. Nxc6 bxc6 12. Bd4 Bh6 13. Qd3 e5 14. Bc5 dxc5 15. Qxd7 Qxd7 16. Rxd7 Nf6 17. Rd6 Bg7 18. Rxc6 Rfc8 19. Rd6 Rd8 20. Rfd1 Rxd6 21. Rxd6 Kf8 22. Rc6 Nd7 23. Rc7 Rd8 24. Nd5 f5 25. f3 Nb6 26. Rxc5 Nxd5 27. Rxd5 Rxd5 28. exd5 Ke7 29. Kf2 Kd6 30. c4 Bh6 31. Ke1 Bf4 32. h3 Bc1 33. b3 Ba3 34. Kd2 a5 35. g4 e4 36. gxf5 gxf5 37. fxe4 fxe4 38. Kc3 Ke5 39. b4 Bxb4+ 40. Kb3 Kd4 41. a3 Bc5 42. Ka4 h6 43. Kxa5 Bxa3 44. Kb5 Ke5 45. Kc6 Bb4 46. Bh5 e3 47. Bg4 Ba3 48. Bf3 Bb4 49. Kb5 Ba3 50. Kc6 Bb4 51. c5 Ba3 52. d6 Bb4 53. Be2 Ba5 54. Bg4 Kd4 55. Kb5 Bd8 56. c6 1-0

[Event "Mittelfranken-chTB2b 1112"]
[Site "Germany"]
[Date "2012.03.11"]
[Round "8.3"]
[White "Lingg, Erich"]
[Black "Semerow, Anatoli"]
[Result "1-0"]
[WhiteElo "1843"]
[BlackElo "1873"]
[PlyCount "57"]
[EventDate "2011.09.25"]
[EventType "team-tourn"]
[EventRounds "9"]
[EventCountry "GER"]
[SourceTitle "EXT 2018"]
[Source "ChessBase"]
[SourceDate "2017.10.13"]
[SourceVersion "1"]
[SourceVersionDate "2017.10.13"]
[SourceQuality "1"]
[WhiteTeam "Kirchehrenbach/Ebermannstadt"]
[BlackTeam "Erlangen Siemens"]
[WhiteTeamCountry "GER"]
[BlackTeamCountry "GER"]

1. f4 d5 2. Nf3 Nf6 3. b3 Nc6 4. e3 Bg4 5. Bb5 e6 6. 0-0 Bc5 7. Qe1 a6 8. Bxc6+ bxc6 9. Ne5 Bf5 10. d3 Qd6 11. Bb2 Nd7 12. Kh1 f6 13. Nxd7 Kxd7 14. Nd2 Rae8 15. e4 Bg6 16. e5 Qf8 17. Nf3 f5 18. Qa5 Bb6 19. Qa4 Rb8 20. d4 Bh5 21. c4 Bxf3 22. Rxf3 dxc4 23. Qxc4 Qc8 24. Rc1 Qb7 25. a4 Ba5 26. Ba3 h6 27. Qc5 Qb6 28. Qe7+ Kc8 29. Qxe6+ 1-0

[Event "Mittelfranken-chTB2b 1112"]
[Site "Germany"]
[Date "2011.11.20"]
[Round "3.3"]
[White "Greul, Hans"]
[Black "Semerow, Anatoli"]
[Result "1-0"]
[WhiteElo "1990"]
[BlackElo "1907"]
[PlyCount "79"]
[EventDate "2011.09.25"]
[EventType "team-tourn"]
[EventRounds "9"]
[EventCountry "GER"]
[SourceTitle "EXT 2013"]
[Source "ChessBase"]
[SourceDate "2012.11.22"]
[SourceVersion "1"]
[SourceVersionDate "2012.11.22"]
[SourceQuality "1"]
[WhiteTeam "Muehlhof/Schwabach"]
[BlackTeam "Erlangen Siemens"]
[WhiteTeamCountry "GER"]
[BlackTeamCountry "GER"]

1. d4 f5 2. e3 d5 3. c4 e6 4. Nf3 Nf6 5. Bd2 Be7 6. b4 0-0 7. Be2 Ne4 8. Qb3 a5 9. b5 c6 10. 0-0 b6 11. Nc3 cxb5 12. Nxb5 Bb7 13. Rfc1 Nd7 14. cxd5 Bxd5 15. Bc4 Ndf6 16. Bxd5 Nxd5 17. Rc6 Nxd2 18. Nxd2 Qd7 19. Rc4 Bb4 20. Rc2 a4 21. Qd3 Rfc8 22. Rxc8+ Rxc8 23. Nf3 Nc3 24. Nxc3 Rxc3 25. Qa6 Ba5 26. Ne5 Qc8 27. Qf1 Qb7 28. Qb5 Qc8 29. g3 a3 30. Kg2 h6 31. h4 Rc2 32. Qb3 Re2 33. Rf1 Qb7+ 34. Kg1 Qd5 35. Qxa3 Rxa2 36. Qe7 Rc2 37. Qe8+ Kh7 38. h5 Qb7 39. Qxe6 f4 40. Qg6+ 1-0